Europäische Länder anhand der Anfangsbuchstaben ihrer Nachbarländer - Statistiken

Allgemein
  • Dieses Quiz wurde 479 mal gespielt
  • Das Durchschnittsergebnis liegt bei 8 aus 11
Antwortstatistiken
Nachbarn Land % Korrekt
N D L F Belgien
98%
S Ö Liechtenstein
84%
F A P Spanien
82%
Ö S S V F S Italien
81%
P S Ö D Tschechien
78%
R S N Finnland
73%
R L B U S T D Polen
69%
U M B S U Rumänien
69%
E R B L Lettland
68%
U S M B S Kroatien
55%
B T A N Griechenland
53%
Keine übereinstimmenden Quizze gefunden
Verteilung der Resultate
Anzahl Personen mit jedem Resultat
Perzentil nach korrekt beantworteten Fragen
Ihre Resultats-Entwicklung
Sie haben dieses Quiz noch nicht gespielt